书目信息 |
| 题名: |
全息地理信息服务导论
|
|
| 作者: | 张斌 , 李宏伟 , 崔铁军 著 | |
| 分册: | ||
| 出版信息: | 北京 科学出版社 2022 |
|
| 页数: | 152页 | |
| 开本: | 24cm | |
| 丛书名: | ||
| 单 册: | ||
| 中图分类: | P208.2 , P208 | |
| 科图分类: | ||
| 主题词: | 全息成象--应用--地理信息系统--研究 | |
| 电子资源: | ||
| ISBN: | 978-7-03-071517-3 | |
| 000 | 01020nam0 2200253 450 | |
| 001 | 2271994751 | |
| 005 | 20220930200013.05 | |
| 010 | @a978-7-03-071517-3@dCNY69.00 | |
| 100 | @a20220511d2022 em y0chiy50 ea | |
| 101 | 0 | @achi |
| 102 | @aCN@b110000 | |
| 105 | @aa z 000yy | |
| 200 | 1 | @a全息地理信息服务导论@9quan xi di li xin xi fu wu dao lun@f张斌,李宏伟,崔铁军著 |
| 210 | @a北京@c科学出版社@d2022 | |
| 215 | @a152页@c图@d24cm | |
| 330 | @a本书在地理信息服务中引入空间认知、本体论、全息论等内容,构建全息地理信息服务理论框架,利用地理本体理论、本体模型构建、地理信息关联、地理过程重构、地理信息服务等理论与技术,研究提出了全息地理空间数据模型。通过全息地理信息关联与地理过程重构,建立完整、统一、共享的地理信息,搭建全息地理信息服务平台。 | |
| 606 | 0 | @a全息成象@x应用@x地理信息系统@x研究 |
| 690 | @aP208.2@v5 | |
| 690 | @aP208@v4 | |
| 701 | 0 | @a张斌@9zhang bin@4著 |
| 701 | 0 | @a李宏伟@9li hong wei@4著 |
| 701 | 0 | @a崔铁军@9cui tie jun@4著 |
| 801 | 0 | @aCN@b91MARC@c20220712 |
| 905 | @aZUCC@dP208@e5 | |
| 全息地理信息服务导论/张斌,李宏伟,崔铁军著.-北京:科学出版社,2022 |
| 152页:图;24cm |
| ISBN 978-7-03-071517-3:CNY69.00 |
| 本书在地理信息服务中引入空间认知、本体论、全息论等内容,构建全息地理信息服务理论框架,利用地理本体理论、本体模型构建、地理信息关联、地理过程重构、地理信息服务等理论与技术,研究提出了全息地理空间数据模型。通过全息地理信息关联与地理过程重构,建立完整、统一、共享的地理信息,搭建全息地理信息服务平台。 |
| ● |
| 相关链接 |
|
|
|
正题名:全息地理信息服务导论
索取号:P208/5
 
预约/预借
| 序号 | 登录号 | 条形码 | 馆藏地/架位号 | 状态 | 备注 |
| 1 | 2000909437 | 2000909437 | 第三书库/ [索取号:P208/5] | 在馆 | |
| 2 | 2000909438 | 2000909438 | 第三书库/ [索取号:P208/5] | 在馆 | |
| 3 | 2000909439 | 2000909439 | 第三书库/ [索取号:P208/5] | 在馆 |